Feminist social thought : (Record no. 1308957)
[ view plain ]
| 000 -LEADER | |
|---|---|
| fixed length control field | 01392nam a22002777a 4500 |
| 005 - DATE AND TIME OF LATEST TRANSACTION | |
| control field | 20250530161446.0 |
| 008 - FIXED-LENGTH DATA ELEMENTS--GENERAL INFORMATION | |
| fixed length control field | 250414b |||||||| |||| 00| 0 eng d |
| 020 ## - INTERNATIONAL STANDARD BOOK NUMBER | |
| International Standard Book Number | 9788131613863 |
| 040 ## - CATALOGING SOURCE | |
| Original cataloging agency | SDCL |
| Transcribing agency | SDCL |
| 041 ## - LANGUAGE CODE | |
| Source of code | eng |
| Language code of text/sound track or separate title | eng |
| 084 ## - COLON CLASSIFICATION NUMBER | |
| Classification number | Y15 R4 |
| 100 ## - MAIN ENTRY--PERSONAL NAME | |
| Personal name | Bhagwat, Vidyut |
| 9 (RLIN) | 592954 |
| 245 ## - TITLE STATEMENT | |
| Title | Feminist social thought : |
| Remainder of title | An introduction to six key thinkers |
| 250 ## - EDITION STATEMENT | |
| Edition statement | 2nd ed. |
| 260 ## - PUBLICATION, DISTRIBUTION, ETC. | |
| Place of publication, distribution, etc. | New Delhi : |
| Name of publisher, distributor, etc. | Rawat Publications, |
| Date of publication, distribution, etc. | 2024. |
| 300 ## - PHYSICAL DESCRIPTION | |
| Extent | 415p. |
| 520 ## - SUMMARY, ETC. | |
| Summary, etc. | Feminist Social Thought gives a real insight into the works of six noteworthy feminist thinkers, namely, Simone de Beauvoir, Betty Friedan, Kate Millett, Shulamith Firestone, Juliet Mitchell and Sheila Rowbotham. The text promises to be the much-needed handbook for teachers and students of feminist thought giving a clear understanding of the classics of second wave feminism. This book offers a comprehensive and coherent guide to second wave feminist thinkers for students of Women's Studies, Sociology, and Social and Literary Theory. |
| 650 ## - SUBJECT ADDED ENTRY--TOPICAL TERM | |
| Topical term or geographic name entry element | Feminist ethics |
| 9 (RLIN) | 708106 |
| 650 ## - SUBJECT ADDED ENTRY--TOPICAL TERM | |
| Topical term or geographic name entry element | Social Science / Feminism & Feminist Theory |
| 9 (RLIN) | 811259 |
| 650 ## - SUBJECT ADDED ENTRY--TOPICAL TERM | |
| Topical term or geographic name entry element | Social Science / Gender Studies |
| 9 (RLIN) | 753077 |
| 650 ## - SUBJECT ADDED ENTRY--TOPICAL TERM | |
| Topical term or geographic name entry element | Social Science / Women's Studies |
| 9 (RLIN) | 811276 |
| 650 ## - SUBJECT ADDED ENTRY--TOPICAL TERM | |
| Topical term or geographic name entry element | Women -- Social conditions |
| 9 (RLIN) | 17365 |
| 650 ## - SUBJECT ADDED ENTRY--TOPICAL TERM | |
| Topical term or geographic name entry element | Feminist theory |
| 942 ## - ADDED ENTRY ELEMENTS (KOHA) | |
| Source of classification or shelving scheme | Colon Classification (CC) |
| Koha item type | Textual |
| Suppress in OPAC | No |
| Withdrawn status | Lost status | Source of classification or shelving scheme | Damaged status | Not for loan | Home library | Current library | Date acquired | Source of acquisition | Inventory number | Total Checkouts | Full call number | Barcode | Date last seen | Price effective from | Koha item type |
|---|---|---|---|---|---|---|---|---|---|---|---|---|---|---|---|
| Colon Classification (CC) | South Campus Library | South Campus Library | 2025-04-14 | Excel Book International | 133, 11/12/2024, INR 1895.00 | Y15 R4 | SC1690723 | 2025-04-14 | 2025-04-14 | Textual |
